000 01035nam2a22002651 4500
001 rc\2299521
005 20250623010633.0
035 _a(NLR Aleph) 006503982
090 _a6260641
_c6260641
100 _a20110829d1986 |||y0rusy50 ca
101 0 _arus
102 _aRU
105 _ay z |||||
200 0 _a1985
_f[Составитель С.С. Пулатова]
210 _d1986
_aБ. м.
215 _a348, [1] с.
300 _aЗагл. также: узб.
461 0 _1001rc\2299516
_12001#$aЕжегодник книги Узбекской ССР$eБиблиогр. указ.$fГос. кн. палата УзССР$v1985
_96260596
_cТашкент
_fГос. кн. палата УзССР
_nКн. палата УзССР
_oБиблиогр. указ.
_tЕжегодник книги Узбекской ССР
_v1985
702 1 _aСанобар Сагатовна
_bП.
_gПулатова
_4220
801 0 _aRU
_bNLR
_gpsbo
801 1 _aRU
_bELAR
_2rusmarc
852 _aNLR
_bОНЛ
942 _cBOOK
980 _aNB